| 000 | 005430000a22001810004500 | ||
|---|---|---|---|
| 090 |
_aAR _b03243 |
||
| 245 | 1 | 0 | _aEconomic contributions of Amartya Sen (<sup>) |
| 500 | _a<Valoración y equidad> | ||
| 650 | 1 | 4 |
_aEconomía _993484 |
| 650 | 1 | 4 |
_aEquidad _93813 |
| 650 | 1 | 4 |
_aModelos de desarrollo _98924 |
| 650 | 1 | 4 |
_aEquidad de género _912866 |
| 650 | 1 | 4 |
_aDistribución de beneficios _996801 |
| 041 | 0 | _aInglés | |
| 100 | 1 |
_aPressman, Steven _996818 |
|
| 942 | _cARTICULO | ||
| 773 | 1 |
_tReview of Political Economy _31430 _h1 _q89-114 _d2000 _g12 |
|
| 999 |
_c12297 _d12297 |
||